000 00602cab a2200205 4500
001 WB2442-39
008 090401t1988 xxu||||| |||| 00| 0 eng d
035 _a(Sirsi) u54315
041 _aeng
245 _aJLW opens branch in Barcelona
260 _c1988
350 _a0
490 _aDaily Telegraph
_v18/10/88 p24
520 _aJones Lang Wootton is to open an office in Barcelona . Includes details of turnover of JLW`s offices in Europe and Ireland .
650 _aABOUT RICS-RICS MEMBERS
650 _aSPAIN
690 _aPROPERTY LAW AND PRACTICE
942 _n0
948 _c04/03/1997
999 _c33291
_d33291